00355nam a2200109Ia 4500008004100000082000800041100001900049245005700068942000600125952009900131999001500230240331s9999 xx 000 0 und d bTHI aThiruchelvan,N 0aManida urimegal arassa ameyipuwadam panmythuwamu pal cL 001040708LaWERCLbWERCLcSSCd2024-03-31l0o 323.334 THIp4941r2024-03-31w2024-03-31yL c2445d2445